000 00242nam a2200097Ia 4500
008 230915s9999 xx 000 0 und d
050 _aREF K3230.K58.C.3
100 _aKITUO CHA SHERIA
245 0 _aLAWYERS REFERENCE MATERIALS
942 _cBK
999 _c198330
_d198330